000 00652nam a2200121Ia 4500
008 171212s9999 xx 000 0 und d
020 _a9780813538136
245 _ceditor Pineda, Baron
_aShipwrecked Identities
_bNavigating Race on Nicaragua's Mosquito Coast
260 _bRutgers University Press
_c2006
650 _aAnthropology
650 _aIndians of Central America -- Nicaragua -- Ethnic identity; Indians of Central America -- Urban residence -- Mosquitia (Nicaragua and Honduras); Indians of Central America -- Mosquitia (Nicaragua and Honduras) -- Social conditions; Indigenous peoples -- M
856 _uhttp://www.jstor.org/stable/j.ctt5hj296
999 _c352838
_d352838